| 000 | 00755nam a2200205Ii 4500 | ||
|---|---|---|---|
| 003 | JO-AjNU | ||
| 008 | 230605s9999||||xx |||||||||||||| ||und|| | ||
| 040 |
_aJO-AjNU _bara _erda _cJO-AjNU |
||
| 041 | _aara | ||
| 050 | 1 | 4 | _aHN786.U29 1993 |
| 100 | 3 |
_aالعويد، محمد رشيد, _eauthor _935973 |
|
| 245 | 0 | 0 | _aمن اجل تحرير حقيقي للمرأة |
| 250 | _aط1 | ||
| 264 | 3 | 1 | _aالكويت، بيروت: حواء للنشر والتوزيع، دار ابن حزم للنشر والتوزيع، 1993 |
| 300 |
_a174ص _bيحتوي على ببلوغرافية من 171-174ص |
||
| 336 |
_atext _btxt _2rdacontent |
||
| 337 |
_aunmediated _bn _2rdamedia |
||
| 338 |
_avolume _bnc _2rdacarrier |
||
| 650 | 4 |
_aحرية المرأة _935974 |
|
| 999 |
_aA14903 _c18471 _d18471 |
||